LEADER 00999nam a2200229 4500 001 000000355206 003 CaOOAMICUS 005 20230830155352.0 008 230830s2021 xxu 000 u eng r 020 $a978-0-8245-9500-5 040 $aSeMil$bita 100 1 $aMoore, Rebecca.$0(OLS)http://semarc/name/118181 245 12$aA blessing to each other :$ba new account of jewish and christian relations /$cRebecca Moore. 264 1$aNew York :$bHerder and Herder,$c2021. 300 $aXVII, 293 p. ;$c23 cm 650 4$aCristianesimo e ebraismo.$0(OLS)http://semarc/subject/44782 850 $aSeMil 852 $aSeMil$W1$xVenegono$y1$m2X III 208$j243284$B246482$CSeMilBibl$Z2$F246482 $81 996 $6020$a978-0-8245-9500-5$9(OLS)http://semarc/number/298777 996 $6245$aA blessing to each other :$ba new account of jewish and christian relations$9(OLS)http://semarc/title/445386 996 $6264$aNew York :$bHerder and Herder$9(OLS)http://semarc/publisher/31699 LEADER 01232nam a2200289 i 4500 001 000000065395 003 CaOOAMICUS 005 20250311124536.0 008 981113s1991 it u000 u mul u 020 $a88-10-20550-2 040 $aSeMil$bita 245 10$aConciliorum Oecumenicorum Decreta /$ca cura di Giuseppe Alberigo ... [et al.] ; consulenza di Hubert Jedin. 264 1$aBologna :$bEDB,$c1991. 300 $aXXI, 1135 p. doppie, 169 p. ;$c23 cm 490 1 $aStrumenti 546 $aEd. bilingue 650 4$aConcili Ecumenici - Atti e documenti.$0(OLS)http://semarc/subject/10 700 1 $aAlberigo, Giuseppe,$d<1926-2007>.$0(OLS)http://semarc/name/743 700 1 $aJedin, Hubert,$c.$0(OLS)http://semarc/name/488 830 0$aStrumenti.$0(OLS)http://semarc/title/6054 850 $aSeMil 852 $aSeMil$W1$xVenegono$y1$mSL1.Z IV 26$j31548$B31548$CSeMilBibl$Z2$F31551 $8I 961 $aOmaggio: Rimoldi mons. Antonio 996 $6020$a88-10-20550-2$9(OLS)http://semarc/number/286399 996 $6245$aConciliorum Oecumenicorum Decreta$9(OLS)http://semarc/title/151210 996 $6264$aBologna :$bEDB$9(OLS)http://semarc/publisher/29669